| 000 | 00875nam a2200277 a 4500 | ||
|---|---|---|---|
| 001 | BRL_66 | ||
| 005 | 20190320210556.0 | ||
| 008 | 771004s1976 ne-a######---#000-0#eng-# | ||
| 020 | _a0809422700 | ||
| 041 | _aspa | ||
| 044 | _ane | ||
| 050 | 4 |
_aF128.52 _b.B87 1976 |
|
| 100 | 1 |
_aBurgess, Anthony, _d1917-1993 _922811 |
|
| 245 | 1 | 0 |
_aNew York _cby Anthony Burgess and the editors of Time-Life Books ; with photographs by Dan Budnik ... [et al.] |
| 260 |
_aAmsterdam _bTime-Life Books _cc1976 |
||
| 300 |
_a200 p. _bil. (algunas a color) _c31 cm. |
||
| 500 | _aIncluye índice alfabético | ||
| 500 | _aAu37 | ||
| 504 | _aBibliografía: p. 198 | ||
| 651 | 4 |
_aNueva York _xDescripciones y viajes _922812 |
|
| 651 | 4 |
_aNueva York _xHistoria _y1898-1951 _922813 |
|
| 700 | 1 |
_aBudnik, Dan _eil. _922814 |
|
| 710 | 2 |
_aTime-Life Books _922815 |
|
| 902 | _aGRL | ||
| 942 |
_2lcc _cB |
||
| 999 |
_c8879 _d8879 |
||